header

The deadly dinner party (Record no. 94266)

MARC details
000 -LEADER
fixed length control field 01361nam a2200313 a 4500
100 1# - MAIN ENTRY--AUTHOR NAME
Personal name Edlow, Jonathan A.
245 14 - TITLE STATEMENT
Title The deadly dinner party
260 ## - PUBLICATION, DISTRIBUTION, ETC. (IMPRINT)
Place of publication Sydney, N.S.W. :
Name of publisher University of New South Wales Press, Ltd.,
Year of publication 2010, c2009.
300 ## - PHYSICAL DESCRIPTION
Number of Pages xiii, 245 p.
505 0# - FORMATTED CONTENTS NOTE
Formatted contents note pt. 1. Human meets pathogen -- pt. 2. The external environment -- pt. 3. The internal milieu.
650 #0 - SUBJECT ADDED ENTRY--TOPICAL TERM
Topical Term Diagnosis
Topical Term Diagnosis, Differential
Topical Term Medicine
856 40 - ELECTRONIC LOCATION AND ACCESS
Uniform Resource Identifier http://site.ebrary.com/lib/rucke/Doc?id=10400686

No items available.

© 2026 Rongo University
Contact us: librarian | system librarian | Rongo university